[Event "Arco op 40th"]
[Site "Arco"]
[Date "2018.10.14"]
[Round "2"]
[White "Vezzani, Stefano"]
[Black "Schiappoli, Dario"]
[Result "1-0"]
[WhiteElo "2119"]
[BlackElo "1814"]
[PlyCount "65"]
[EventDate "2018.10.13"]
[EventType "swiss"]
[EventRounds "9"]
[EventCountry "ITA"]
[SourceTitle "CBM 186 Extra"]
[Source "ChessBase"]
[SourceDate "2018.08.24"]
[SourceVersion "1"]
[SourceVersionDate "2018.08.24"]
[SourceQuality "1"]

1. e4 c5 2. Nc3 Nc6 3. g3 g6 4. Bg2 Bg7 5. d3 e6 6. Nge2 a6 7. 0-0 Nge7 8. a3 0-0 9. Rb1 b5 10. b4 cxb4 11. axb4 Qc7 12. Bg5 Bb7 13. Qd2 Rfc8 14. Rfc1 d6 15. Nd1 Ne5 16. Bh6 Bh8 17. f3 f5 18. Nf2 Nf7 19. Be3 d5 20. Bc5 dxe4 21. fxe4 Rd8 22. Nf4 Qd7 23. exf5 Nxf5 24. Bxb7 Qxb7 25. Ng4 e5 26. Qg2 Qd7 27. Ne2 Ng5 28. Nf2 Ne6 29. Ne4 Bg7 30. Kh1 Rac8 31. Ra1 Qc6 32. Ra3 Ra8 33. Nf6+ 1-0

[Event "Napoli Spring Cup 1st"]
[Site "Napoli"]
[Date "2017.03.16"]
[Round "2"]
[White "Seletsky, Grigory"]
[Black "Schiappoli, Dario"]
[Result "1-0"]
[WhiteElo "2284"]
[BlackElo "1803"]
[PlyCount "47"]
[EventDate "2017.03.09"]
[EventType "swiss"]
[EventRounds "6"]
[EventCountry "ITA"]
[SourceTitle "EXT 2018"]
[Source "ChessBase"]
[SourceDate "2017.10.13"]
[SourceVersion "1"]
[SourceVersionDate "2017.10.13"]
[SourceQuality "1"]

1. e4 c5 2. Nf3 d6 3. c3 Qa5 4. Bd3 Bg4 5. h3 Bxf3 6. Qxf3 Nc6 7. Qe2 a6 8. f4 g6 9. 0-0 Bg7 10. Bc4 Nh6 11. g4 e6 12. g5 Ng8 13. f5 Qd8 14. d3 h6 15. fxe6 fxe6 16. Qg4 Ne5 17. Qxe6+ Qe7 18. d4 Nxc4 19. Qxg6+ Kd8 20. Rf7 Ne5 21. dxe5 Qxe5 22. Bf4 Ne7 23. Bxe5 Nxg6 24. Bxg7 1-0

[Event "Napoli Trofeo Caissa 2nd"]
[Site "Napoli"]
[Date "2016.11.24"]
[Round "4"]
[White "Duraccio, Mattia"]
[Black "Schiappoli, Dario"]
[Result "0-1"]
[WhiteElo "1440"]
[BlackElo "1775"]
[PlyCount "64"]
[EventDate "2016.11.03"]
[EventType "swiss"]
[EventRounds "7"]
[EventCountry "ITA"]
[SourceTitle "EXT 2018"]
[Source "ChessBase"]
[SourceDate "2017.10.13"]
[SourceVersion "1"]
[SourceVersionDate "2017.10.13"]
[SourceQuality "1"]

1. c4 e5 2. g3 Nf6 3. Bg2 d5 4. cxd5 Nxd5 5. Nc3 Be6 6. Nf3 Nc6 7. Qa4 Nb6 8. Qc2 Be7 9. 0-0 f5 10. d3 0-0 11. Qd1 Bf6 12. h4 h6 13. a3 Qe7 14. e3 Rad8 15. Qc2 a5 16. Bd2 Qd7 17. Nb5 Rf7 18. d4 e4 19. Ne1 Bc4 20. Qc3 Bxb5 21. Nc2 Bxf1 22. Bxf1 Nd5 23. Qb3 Kh8 24. Bc4 f4 25. exf4 Bxd4 26. Be3 Bxe3 27. Nxe3 Nd4 28. Rd1 Nf3+ 29. Kg2 Nxe3+ 30. fxe3 Qxd1 31. Qxd1 Rxd1 32. Bxf7 Rd2+ 0-1

[Event "Napoli Trofeo Caissa 2nd"]
[Site "Napoli"]
[Date "2016.11.10"]
[Round "2"]
[White "Seletsky, Grigory"]
[Black "Schiappoli, Dario"]
[Result "1-0"]
[WhiteElo "2298"]
[BlackElo "1775"]
[PlyCount "91"]
[EventDate "2016.11.03"]
[EventType "swiss"]
[EventRounds "7"]
[EventCountry "ITA"]
[SourceTitle "EXT 2018"]
[Source "ChessBase"]
[SourceDate "2017.10.13"]
[SourceVersion "1"]
[SourceVersionDate "2017.10.13"]
[SourceQuality "1"]

1. Nf3 Nf6 2. c4 c5 3. Nc3 d5 4. cxd5 Nxd5 5. g3 Nc6 6. Bg2 Nxc3 7. bxc3 e5 8. 0-0 Be7 9. d3 Be6 10. Rb1 Qc8 11. Qa4 Bd7 12. Qe4 f6 13. Ba3 Rb8 14. Qe3 b6 15. d4 Qa6 16. Bb2 0-0 17. dxe5 Qxa2 18. Qd3 Be6 19. Ng5 fxg5 20. Bxc6 Rbd8 21. Qc2 Qc4 22. Be4 h6 23. Bd3 Qb3 24. Qxb3 Bxb3 25. Ba3 Be6 26. c4 g4 27. h3 h5 28. hxg4 hxg4 29. Bb2 Bg5 30. Bc3 Rf7 31. Kg2 Kf8 32. Rb2 Rfd7 33. Ra1 Rb8 34. Ra6 Rbb7 35. Ra4 Kf7 36. Rb1 g6 37. Be4 Rbc7 38. Rh1 Kg7 39. f4 gxf3+ 40. exf3 Bd2 41. Ba1 Bh6 42. Bd5 Bxd5 43. e6+ Kh7 44. exd7 Rxd7 45. cxd5 a5 46. Rah4 1-0

[Event "Napoli Province-ch"]
[Site "Napoli"]
[Date "2016.04.09"]
[Round "6"]
[White "Gonzini, Gianmaria"]
[Black "Schiappoli, Dario"]
[Result "1-0"]
[WhiteElo "1952"]
[BlackElo "1805"]
[PlyCount "67"]
[EventDate "2016.02.25"]
[EventType "swiss"]
[EventRounds "7"]
[EventCountry "ITA"]
[SourceTitle "EXT 2018"]
[Source "ChessBase"]
[SourceDate "2017.10.13"]
[SourceVersion "1"]
[SourceVersionDate "2017.10.13"]
[SourceQuality "1"]

1. Nf3 c5 2. e3 g6 3. h4 Bg7 4. h5 d6 5. d4 Bg4 6. hxg6 hxg6 7. Rxh8 Bxh8 8. c3 Nf6 9. dxc5 dxc5 10. Qxd8+ Kxd8 11. Bc4 Bxf3 12. gxf3 e6 13. e4 Nc6 14. Be3 b6 15. Nd2 Kc7 16. 0-0-0 Rd8 17. Kc2 Kb7 18. Be2 Ne8 19. Rh1 Bf6 20. Rh7 Rd7 21. f4 Nc7 22. e5 Bd8 23. Ne4 Ne8 24. Bxc5 Kc7 25. Be3 f5 26. Rxd7+ Kxd7 27. Nd2 Nc7 28. c4 Be7 29. a3 g5 30. Nf3 g4 31. Nd4 Bc5 32. Kc3 a5 33. Nc2 Na6 34. Bf1 1-0

[Event "Napoli Moscarella Memorial"]
[Site "Napoli"]
[Date "2016.01.21"]
[Round "3"]
[White "Mauro, Lucio"]
[Black "Schiappoli, Dario"]
[Result "0-1"]
[WhiteElo "1702"]
[BlackElo "1805"]
[PlyCount "100"]
[EventDate "2016.01.07"]
[EventType "swiss"]
[EventRounds "6"]
[EventCountry "ITA"]
[SourceTitle "EXT 2018"]
[Source "ChessBase"]
[SourceDate "2017.10.13"]
[SourceVersion "1"]
[SourceVersionDate "2017.10.13"]
[SourceQuality "1"]

1. e4 c5 2. Nf3 d6 3. d4 cxd4 4. Nxd4 Nf6 5. Nc3 a6 6. Bd3 Bd7 7. h3 Qb6 8. Nb3 e6 9. Be3 Qc7 10. Qe2 b5 11. a3 Bc6 12. f4 Nbd7 13. Qf2 d5 14. e5 Ne4 15. Nxe4 dxe4 16. Be2 Bd5 17. Nd4 Qa5+ 18. Bd2 Qb6 19. 0-0 Be7 20. Be3 Qc7 21. Rac1 Bc4 22. Rfe1 0-0 23. Bxc4 bxc4 24. c3 Nc5 25. Rc2 f6 26. Qg3 fxe5 27. fxe5 Rf6 28. Rf1 Rg6 29. Qe1 Qxe5 30. Nc6 Qc7 31. Nxe7+ Qxe7 32. Bxc5 Qxc5+ 33. Kh1 Qc6 34. Rf4 Rf6 35. Qxe4 e5 36. Qxc4+ Qxc4 37. Rxc4 Rd8 38. Re2 Re6 39. Rce4 Rde8 40. b4 Kf7 41. c4 Kf6 42. g4 Rd8 43. Kg2 Rd3 44. R2e3 Rxe3 45. Rxe3 e4 46. Kf2 Ke5 47. Ke2 Kd4 48. c5 Kc4 49. Kd2 Kd4 50. Kc2 Kxe3 0-1

[Event "Napoli Greco Memorial"]
[Site "Napoli"]
[Date "2015.05.14"]
[Round "5"]
[White "Buiano, Fabio"]
[Black "Schiappoli, Dario"]
[Result "1-0"]
[WhiteElo "2067"]
[BlackElo "1872"]
[PlyCount "33"]
[EventDate "2015.04.09"]
[EventType "swiss"]
[EventRounds "6"]
[EventCountry "ITA"]
[SourceTitle "EXT 2017"]
[Source "ChessBase"]
[SourceDate "2016.10.25"]
[SourceVersion "1"]
[SourceVersionDate "2016.10.25"]
[SourceQuality "1"]

1. e4 c5 2. Nc3 Nc6 3. Bb5 Nd4 4. Ba4 Qa5 5. Nf3 b5 6. Nxd4 cxd4 7. Nxb5 a6 8. b4 Qb6 9. Na3 Bb7 10. 0-0 e6 11. d3 Bxb4 12. Nc4 Qc7 13. Rb1 Bc5 14. Bd2 Ne7 15. Qh5 Rb8 16. Ba5 Qc8 17. Bb6 1-0

[Event "Napoli Greco Memorial"]
[Site "Napoli"]
[Date "2015.04.16"]
[Round "2"]
[White "Seletsky, Grigory"]
[Black "Schiappoli, Dario"]
[Result "1-0"]
[WhiteElo "2324"]
[BlackElo "1872"]
[PlyCount "87"]
[EventDate "2015.04.09"]
[EventType "swiss"]
[EventRounds "6"]
[EventCountry "ITA"]
[SourceTitle "EXT 2017"]
[Source "ChessBase"]
[SourceDate "2016.10.25"]
[SourceVersion "1"]
[SourceVersionDate "2016.10.25"]
[SourceQuality "1"]

1. c4 e5 2. Nc3 Nf6 3. d3 d5 4. cxd5 Nxd5 5. Nf3 Bc5 6. e3 Nxc3 7. bxc3 Qe7 8. d4 e4 9. Ne5 Bd6 10. Nc4 0-0 11. Qh5 Nd7 12. Nxd6 cxd6 13. Be2 Nf6 14. Qh4 Re8 15. 0-0 Nd5 16. Qxe7 Rxe7 17. Bd2 Bf5 18. c4 Nf6 19. Rfb1 Rc8 20. a4 Be6 21. Bb4 Rd7 22. d5 Bf5 23. h3 Kf8 24. a5 Ke7 25. Ba3 Rdc7 26. Bb2 Nd7 27. Bd4 f6 28. Bxa7 Ne5 29. Bd4 Nd3 30. Bg4 g6 31. Rb3 h5 32. Bxf5 gxf5 33. Rab1 Ra8 34. Rxb7 Kd7 35. Rxc7+ Kxc7 36. Rb5 Ne5 37. c5 dxc5 38. Bxc5 Nd7 39. Bb4 Rb8 40. Rxb8 Kxb8 41. Kh2 Kb7 42. Kg3 Ne5 43. Kh4 Nd3 44. Bd2 1-0

[Event "Napoli Antica Scuola 2nd"]
[Site "Napoli"]
[Date "2014.03.20"]
[Round "3"]
[White "Schiappoli, Dario"]
[Black "Solombrino, Giovanni"]
[Result "1/2-1/2"]
[WhiteElo "1915"]
[BlackElo "1859"]
[PlyCount "98"]
[EventDate "2014.03.06"]
[EventType "swiss"]
[EventRounds "7"]
[EventCountry "ITA"]
[SourceTitle "EXT 2015"]
[Source "ChessBase"]
[SourceDate "2014.11.20"]
[SourceVersion "1"]
[SourceVersionDate "2014.11.20"]
[SourceQuality "1"]

1. e4 c5 2. Nf3 Nc6 3. d4 cxd4 4. Nxd4 g6 5. Be3 Bg7 6. Nc3 Nf6 7. Bc4 0-0 8. Bb3 Ng4 9. Qxg4 Nxd4 10. Qh4 d6 11. 0-0 Be6 12. Rfd1 Nxb3 13. axb3 a6 14. Bd4 Qc7 15. Bxg7 Kxg7 16. Kh1 f6 17. f4 Bf7 18. Rd3 h5 19. Rad1 Qc5 20. Re1 b5 21. e5 dxe5 22. fxe5 g5 23. Rg3 Kh6 24. Qe4 Rad8 25. Qe2 Bg6 26. h3 b4 27. Ne4 Bxe4 28. Qxe4 Qd4 29. exf6 Qxe4 30. Rxe4 exf6 31. Rxb4 Rd2 32. Rc3 Re8 33. Rb6 Ree2 34. Rxf6+ Kg7 35. Rxa6 Rxc2 36. Rxc2 Rxc2 37. Rb6 Rxb2 38. Kg1 g4 39. hxg4 hxg4 40. Kh2 Rc2 41. b4 Kf7 42. b5 Ke7 43. Kg3 Rb2 44. Kxg4 Rxg2+ 45. Kf5 Kd7 46. Ke5 Rc2 47. Kd5 Kc7 48. Rh6 Rb2 49. Kc4 Kb7 1/2-1/2

[Event "Napoli Province-ch"]
[Site "Napoli"]
[Date "2014.01.23"]
[Round "6"]
[White "Capone, Vincenzo"]
[Black "Schiappoli, Dario"]
[Result "1-0"]
[WhiteElo "2190"]
[BlackElo "1907"]
[PlyCount "33"]
[EventDate "2013.12.05"]
[EventType "swiss"]
[EventRounds "7"]
[EventCountry "ITA"]
[SourceTitle "EXT 2015"]
[Source "ChessBase"]
[SourceDate "2014.11.20"]
[SourceVersion "1"]
[SourceVersionDate "2014.11.20"]
[SourceQuality "1"]

1. d4 Nf6 2. c4 c5 3. d5 b5 4. cxb5 Bb7 5. Nc3 e6 6. e4 Nxe4 7. Nxe4 exd5 8. Bg5 Qb6 9. Nc3 f6 10. Bf4 Bd6 11. Bxd6 Qxd6 12. Nf3 d4 13. Na4 Kd8 14. Be2 g5 15. Rc1 Re8 16. 0-0 Rxe2 17. Qxe2 1-0

[Event "Napoli Province-ch"]
[Site "Napoli"]
[Date "2013.12.19"]
[Round "3"]
[White "Schiappoli, Dario"]
[Black "Radice, Mario"]
[Result "1-0"]
[WhiteElo "1907"]
[BlackElo "1906"]
[PlyCount "51"]
[EventDate "2013.12.05"]
[EventType "swiss"]
[EventRounds "7"]
[EventCountry "ITA"]
[SourceTitle "EXT 2015"]
[Source "ChessBase"]
[SourceDate "2014.11.20"]
[SourceVersion "1"]
[SourceVersionDate "2014.11.20"]
[SourceQuality "1"]

1. e4 c5 2. Nf3 d6 3. d4 cxd4 4. c3 dxc3 5. Nxc3 Nc6 6. Bc4 g6 7. Qb3 e6 8. 0-0 Bg7 9. Rd1 a6 10. Bf4 Na5 11. Qb4 Nxc4 12. Qxc4 Bd7 13. Rxd6 Rc8 14. Qd3 Bf8 15. Rd4 Bg7 16. e5 Qc7 17. Ne4 Bf8 18. Rd1 Bc6 19. Nd6+ Bxd6 20. exd6 Qb6 21. d7+ Bxd7 22. Rxd7 Ne7 23. Rxe7+ Kxe7 24. Qd7+ Kf6 25. Be5+ Kf5 26. Qxf7+ 1-0

[Event "Napoli Porreca Memorial 3rd"]
[Site "Napoli"]
[Date "2013.10.03"]
[Round "2"]
[White "Freda, Guido"]
[Black "Schiappoli, Dario"]
[Result "1-0"]
[WhiteElo "1416"]
[BlackElo "1909"]
[PlyCount "83"]
[EventDate "2013.09.26"]
[EventType "swiss"]
[EventRounds "7"]
[EventCountry "ITA"]
[SourceTitle "EXT 2015"]
[Source "ChessBase"]
[SourceDate "2014.11.20"]
[SourceVersion "1"]
[SourceVersionDate "2014.11.20"]
[SourceQuality "1"]

1. d4 Nf6 2. c4 e5 3. e3 exd4 4. exd4 Bb4+ 5. Bd2 Bxd2+ 6. Nxd2 0-0 7. Bd3 d5 8. Ne2 dxc4 9. Nxc4 Re8 10. 0-0 Nc6 11. Bc2 Bg4 12. f3 Bh5 13. Kh1 b5 14. Na3 Nd5 15. Qd3 Bg6 16. Qxb5 Bxc2 17. Nxc2 Qd6 18. Qd3 Re6 19. Rae1 Ncb4 20. Nxb4 Nxb4 21. Qd2 Rae8 22. a3 Nd5 23. Ng3 Qe7 24. Rxe6 Qxe6 25. Ne4 f5 26. Nc5 Qe2 27. Qxe2 Rxe2 28. b4 Rd2 29. Ne6 Kf7 30. Ng5+ Kg6 31. Ne6 Kf6 32. Re1 Ne3 33. Nxc7 Rxd4 34. h3 f4 35. Nb5 Rd2 36. Nxa7 Kg5 37. Rg1 Kh4 38. Kh2 Nc2 39. Rb1 Nxa3 40. Rb3 Nc2 41. b5 Ne1 42. Kg1 1-0

[Event "Napoli Antica Scuola 1st"]
[Site "Napoli"]
[Date "2013.04.11"]
[Round "7"]
[White "Schiappoli, Dario"]
[Black "Condorelli, Pietro"]
[Result "1/2-1/2"]
[WhiteElo "1922"]
[BlackElo "1710"]
[PlyCount "75"]
[EventDate "2013.02.21"]
[EventType "swiss"]
[EventRounds "7"]
[EventCountry "ITA"]
[SourceTitle "EXT 2014"]
[Source "ChessBase"]
[SourceDate "2013.11.20"]
[SourceVersion "1"]
[SourceVersionDate "2013.11.20"]
[SourceQuality "1"]

1. e4 c5 2. Nf3 d6 3. d4 cxd4 4. Nxd4 Nf6 5. Nc3 a6 6. Bc4 e6 7. Bb3 Nbd7 8. a3 Be7 9. f4 Nc5 10. Ba2 0-0 11. Qf3 e5 12. Nde2 Bg4 13. Qe3 Be6 14. Bxe6 fxe6 15. 0-0 exf4 16. Nxf4 a5 17. Bd2 Ng4 18. Qh3 Nf6 19. b4 axb4 20. axb4 Rxa1 21. Rxa1 e5 22. bxc5 exf4 23. Bxf4 dxc5 24. Qe6+ Kh8 25. Rd1 Qe8 26. Bc7 b5 27. e5 c4 28. Bd6 Bxd6 29. Qxd6 Ng4 30. e6 Ne3 31. e7 Rf7 32. Re1 Qxe7 33. Nxb5 h6 34. Qd4 Qb4 35. Qxe3 Qxb5 36. Qe8+ Qxe8 37. Rxe8+ Kh7 38. Re4 1/2-1/2

[Event "Napoli Antica Scuola 1st"]
[Site "Napoli"]
[Date "2013.04.04"]
[Round "6"]
[White "Esposito, Rosario"]
[Black "Schiappoli, Dario"]
[Result "0-1"]
[WhiteElo "1818"]
[BlackElo "1922"]
[PlyCount "52"]
[EventDate "2013.02.21"]
[EventType "swiss"]
[EventRounds "7"]
[EventCountry "ITA"]
[SourceTitle "EXT 2014"]
[Source "ChessBase"]
[SourceDate "2013.11.20"]
[SourceVersion "1"]
[SourceVersionDate "2013.11.20"]
[SourceQuality "1"]

1. d4 Nf6 2. c4 c5 3. d5 e6 4. Nc3 exd5 5. cxd5 d6 6. e4 a6 7. a4 g6 8. Nf3 Bg7 9. Nd2 0-0 10. Be2 Nbd7 11. Nc4 Nb6 12. Nxb6 Qxb6 13. a5 Qc7 14. 0-0 Re8 15. Qc2 Bd7 16. Bd2 b5 17. axb6 Qxb6 18. f3 Bb5 19. Bxb5 axb5 20. Kh1 Nd7 21. Qb3 b4 22. Ne2 Ne5 23. Ng3 h5 24. h3 Qb5 25. Rfd1 Nd3 26. Rab1 c4 0-1

[Event "Napoli Antica Scuola 1st"]
[Site "Napoli"]
[Date "2013.02.21"]
[Round "1"]
[White "Schiappoli, Dario"]
[Black "Capone, Vincenzo"]
[Result "0-1"]
[WhiteElo "1922"]
[BlackElo "2185"]
[PlyCount "52"]
[EventDate "2013.02.21"]
[EventType "swiss"]
[EventRounds "7"]
[EventCountry "ITA"]
[SourceTitle "EXT 2014"]
[Source "ChessBase"]
[SourceDate "2013.11.20"]
[SourceVersion "1"]
[SourceVersionDate "2013.11.20"]
[SourceQuality "1"]

1. e4 c5 2. Nf3 d6 3. d4 cxd4 4. Nxd4 Nf6 5. Nc3 Nc6 6. Bc4 Bd7 7. Bg5 Qa5 8. Bxf6 gxf6 9. Nb3 Qg5 10. g3 Rc8 11. f4 Qg6 12. Be2 h5 13. Qd2 Bh6 14. 0-0-0 f5 15. Nc5 fxe4 16. Nxd7 Kxd7 17. Qd5 f5 18. Kb1 Bg7 19. Na4 Kc7 20. c3 a6 21. c4 b6 22. c5 bxc5 23. Bxa6 Rb8 24. Nxc5 Rxb2+ 25. Kc1 dxc5 26. Qd7+ Kb8 0-1

[Event "Napoli Province-ch"]
[Site "Napoli"]
[Date "2012.11.22"]
[Round "1"]
[White "Schiappoli, Dario"]
[Black "Ambrosio, Giuseppe"]
[Result "0-1"]
[WhiteElo "1904"]
[BlackElo "2084"]
[PlyCount "44"]
[EventDate "2012.11.22"]
[EventType "swiss"]
[EventRounds "7"]
[EventCountry "ITA"]
[SourceTitle "EXT 2014"]
[Source "ChessBase"]
[SourceDate "2013.11.20"]
[SourceVersion "1"]
[SourceVersionDate "2013.11.20"]
[SourceQuality "1"]

1. e4 c5 2. Nf3 Nc6 3. d4 cxd4 4. Nxd4 Nf6 5. Nc3 d6 6. Bc4 Qb6 7. Nxc6 bxc6 8. Qd3 g6 9. 0-0 Bg7 10. Be3 Qxb2 11. Bd4 Qb8 12. f4 0-0 13. e5 Ng4 14. Rab1 Qc7 15. f5 dxe5 16. Bc5 e4 17. Qh3 gxf5 18. Nxe4 fxe4 19. Qh5 Nf6 20. Qh4 Qe5 21. Be3 Ng4 22. Bf2 Nxf2 0-1

[Event "Napoli Porreca Memorial 2nd"]
[Site "Napoli"]
[Date "2012.11.08"]
[Round "7"]
[White "Schiappoli, Dario"]
[Black "Sparice, Lorenzo"]
[Result "1-0"]
[WhiteElo "1960"]
[BlackElo "1469"]
[PlyCount "41"]
[EventDate "2012.09.20"]
[EventType "swiss"]
[EventRounds "7"]
[EventCountry "ITA"]
[SourceTitle "EXT 2014"]
[Source "ChessBase"]
[SourceDate "2013.11.20"]
[SourceVersion "1"]
[SourceVersionDate "2013.11.20"]
[SourceQuality "1"]

1. e4 c5 2. Nf3 e6 3. d4 cxd4 4. Nxd4 a6 5. Be3 b6 6. Bc4 Bb7 7. f3 d6 8. Nc3 Nf6 9. 0-0 Be7 10. Qe2 d5 11. Bd3 0-0 12. Rad1 Bc5 13. e5 Nfd7 14. f4 Nc6 15. Qf2 Bxd4 16. Bxd4 Nxd4 17. Qxd4 Bc6 18. f5 Nc5 19. f6 g6 20. Qh4 Qc7 21. Qh6 1-0

[Event "Arco op 34th"]
[Site "Arco"]
[Date "2012.10.17"]
[Round "5"]
[White "Schiappoli, Dario"]
[Black "Maddaloni, Giovanni"]
[Result "1/2-1/2"]
[WhiteElo "1933"]
[BlackElo "1762"]
[PlyCount "77"]
[EventDate "2012.10.13"]
[EventType "swiss"]
[EventRounds "9"]
[EventCountry "ITA"]
[SourceTitle "EXT 2013"]
[Source "ChessBase"]
[SourceDate "2012.11.22"]
[SourceVersion "1"]
[SourceVersionDate "2012.11.22"]
[SourceQuality "1"]

1. e4 c5 2. Nf3 d6 3. d4 cxd4 4. c3 d3 5. Bxd3 Nc6 6. Bc4 Nf6 7. Be3 e6 8. Qc2 Be7 9. 0-0 0-0 10. Nbd2 Qc7 11. a3 Bd7 12. h3 Rfd8 13. Nd4 a6 14. Ba2 b5 15. f4 Rac8 16. N2f3 Qb7 17. Bb1 g6 18. f5 d5 19. fxe6 fxe6 20. Ng5 Nxd4 21. Bxd4 Nxe4 22. Nxe4 dxe4 23. Qe2 Bc6 24. Qe3 Rf8 25. Bc2 Bd5 26. Rfe1 Bh4 27. Re2 Bf6 28. Bxe4 Bxd4 29. Qxd4 Rc4 30. Bxd5 exd5 31. Qe5 Qb6+ 32. Kh2 d4 33. cxd4 Rxd4 34. Rc1 Qd6 35. Rc7 Qxe5+ 36. Rxe5 Rf7 37. Rc6 Rd2 38. Rxa6 Rxb2 39. Re3 1/2-1/2